PHARMACOTHERAPEUTICS: Practical note book (Record no. 12253)
[ view plain ]
| 000 -LEADER | |
|---|---|
| fixed length control field | 00425nam a22001697a 4500 |
| 003 - CONTROL NUMBER IDENTIFIER | |
| control field | OSt |
| 008 - FIXED-LENGTH DATA ELEMENTS--GENERAL INFORMATION | |
| fixed length control field | 240322b |||||||| |||| 00| 0 eng d |
| 020 ## - INTERNATIONAL STANDARD BOOK NUMBER | |
| International Standard Book Number | 9789354665066 |
| 082 ## - DEWEY DECIMAL CLASSIFICATION NUMBER | |
| Classification number | 615.58 SHP |
| 100 ## - MAIN ENTRY--PERSONAL NAME | |
| Personal name | SHARMA, VARUN DUTT |
| 245 ## - TITLE STATEMENT | |
| Title | PHARMACOTHERAPEUTICS: Practical note book |
| 260 ## - PUBLICATION, DISTRIBUTION, ETC. (IMPRINT) | |
| Place of publication, distribution, etc | New Delhi |
| Name of publisher, distributor, etc | CBS Pub. |
| Date of publication, distribution, etc | 2024 |
| 300 ## - PHYSICAL DESCRIPTION | |
| Extent | 133 |
| 650 ## - SUBJECT ADDED ENTRY--TOPICAL TERM | |
| Topical term or geographic name as entry element | PHARMACOTHERAPEUTICS |
| 700 ## - ADDED ENTRY--PERSONAL NAME | |
| Personal name | PANDAY, S.K |
| 942 ## - ADDED ENTRY ELEMENTS (KOHA) | |
| Source of classification or shelving scheme | Dewey Decimal Classification |
| Koha item type | Text Books |
| Withdrawn status | Lost status | Source of classification or shelving scheme | Damaged status | Not for loan | Collection code | Home library | Current library | Date acquired | Source of acquisition | Currency | Cost, normal purchase price | Bill Number | Total Checkouts | Full call number | Acc. no. / Barcode | Date last seen | Actual Cost, discounted price | Bill Date | Koha item type | Date last borrowed |
|---|---|---|---|---|---|---|---|---|---|---|---|---|---|---|---|---|---|---|---|---|
| Dewey Decimal Classification | Diploma in Pharmacy | PIET C-LIBRARY | PIET C-LIBRARY | 22/03/2024 | ZAFAA BOOKS | RUPEES | 325.00 | ZBDO408 | 615.58 SHP | DP1357 | 22/03/2024 | 211.25 | 07/03/2024 | Reference Books | ||||||
| Dewey Decimal Classification | Diploma in Pharmacy | PIET C-LIBRARY | PIET C-LIBRARY | 22/03/2024 | ZAFAA BOOKS | RUPEES | 325.00 | ZBDO408 | 3 | 615.58 SHP | DP1358 | 02/05/2025 | 211.25 | 07/03/2024 | Text Books | 31/03/2025 |